000 00706nam a2200229Ia 4500
003 0100
005 20140206172500.0
008 130303s9999 xx 000 0 und d
020 _a1890626031
040 _cARRUPELIB
050 _aKF5130.A75E53 1997
245 4 _aThe end of democracy
245 _bthe celebrated First Things debate, with arguments pro and con
260 _aDallas
260 _bSpence Pub. Co.
300 _axiii
300 _b 288 p. 23 cm
650 _aJews
_xUnited States
_xPolitics and government
_98447
650 _aUnited States
_xSocial policy
_98448
700 _aedited by Mitchell S. Muncy , Muncy, Mitchell S. (Mitchell Shannon)
_98449
942 _2lcc
_cMONOGRAPH
999 _c7627
_d7627